000 00233nam a22000857a 4500
001 1301084
005 20260428141152.0
245 _aİSLAM İLMİHALİ
_cLÜTFİ ŞENTÜRK SEYFETTİN YAZICI
260 _bDİNİ YAYINLAR GENEL MÜDÜRLÜĞÜ
999 _c1301084
_d1301084